00525 2200193 4500001002100000005001700021008004100038020002200079035002400101082001100125090002100136100001500157245004600172250001100218260003100229300002400260650002500284999002200309YOGYA-0213000000088320130220134002.0 ind  a978-979-21-3326-4 0010-021300000000883 a241.63 aDep 241.63 War N aWARSITO, Y aNovena persiapan perkawinan / Y. Warsito. aCet. 1 aYogyakartabKanisiusc2012 a46 hlmbilusc17 cm aPerkawinan (Katolik) aCB-D.11 2012-1076